Alle Deutschen Kanzlerkandidaten seit 1949 - Statistiken

Allgemein
  • Dieses Quiz wurde 11.799 mal gespielt
    6.858 seit der letzten Aktualisierung
  • Das Durchschnittsergebnis liegt bei 15 aus 28
Antwortstatistiken
Jahr(e) Kandidat % Korrekt
2005-2017 Angela Merkel
99%
2021, 2025 Olaf Scholz
97%
2025 Friedrich Merz
94%
1949-1961 Konrad Adenauer
91%
2025 Alice Weidel
86%
1976, 1983-1998 Helmut Kohl
86%
2025 Sahra Wagenknecht
82%
2025 Robert Habeck
81%
1998-2005 Gerhard Schröder
79%
1976, 1980 Helmut Schmidt
77%
1961-1972 Willy Brandt
76%
2021 Annalena Baerbock
71%
2021 Armin Laschet
69%
1969 Kurt Georg Kiesinger
56%
1965 Ludwig Erhard
56%
2017 Martin Schulz
47%
2009 Frank-Walter Steinmeier
35%
2002 Guido Westerwelle
32%
2013 Peer Steinbrück
30%
2002 Edmund Stoiber
28%
1980 Franz Josef Strauß
27%
1990 Oskar Lafontaine
21%
1949 Kurt Schumacher
15%
1994 Rudolf Scharping
15%
1987 Johannes Rau
13%
1983 Hans-Jochen Vogel
11%
1972 Rainer Barzel
11%
1953, 1957 Erich Ollenhauer
10%
Keine übereinstimmenden Quizze gefunden
Verteilung der Resultate
Anzahl Personen mit jedem Resultat
Perzentil nach korrekt beantworteten Fragen
Ihre Resultats-Entwicklung
Sie haben dieses Quiz seit der letzten Aktualisierung nicht gespielt